000 01062nam a2200181Ia 4500
999 _c10350
_d10350
008 200103s 1943 ||||xx |||||||||||||| ||und||
082 _a670.42
_bCHA
100 _aChapman, W. A. J.
245 0 _aWorkshop technology: an introductory course, Part. 1
260 _bEdward Arnold & Co.
_c1943
_aLondon
300 _a303 p.
504 _aTable of Contents 1. Introduction - materials - iron and steel 2. The properties and treatment of iron and steel 3. Non-ferrous metals and alloys - Alloy steels - Preparation of metals 4. Heat processes - forging, riveting, soldering and brazing 5. Power, safety and care 6. Metal cutting 7. Checking and measurement of surfaces 8. The bench. Flat surfaces - Filing, chipping, scraping 9. Marking out, drilling, screwing 10. Introduction to the lathe 11. Chuck work - Face-plate - Taper turning - Screw-cutting 12. The shaping machine Appendix Index
650 _aMachine-shop practice
650 _aMachine-tools
650 _aWorkshops
650 _aManufacturing processes
942 _cBK